[Event "XLIV Sevilla Open 2019"]
[Site "Sevilla"]
[Date "2019.01.19"]
[Round "9"]
[White "Xu, Xiangyu"]
[Black "Pereira Figueroa, Manuel"]
[Result "1-0"]
[WhiteElo "2567"]
[BlackElo "2108"]
[Annotator "TA"]
[PlyCount "77"]
[EventDate "2019.01.11"]
[EventType "swiss"]
[EventCountry "ESP"]
[SourceTitle "playchess.com"]
[Source "ChessBase"]
[SourceQuality "1"]

{[%evp 19,77,0,-4,-4,1,-32,-29,-57,-30,-26,-34,-51,0,0,12,0,99,106,95,79,91,87,84,79,87,79,87,84,86,87,100,81,138,28,33,43,35,56,133,130,427,376,504,513,475,475,598,503,440,333,532,520,525,525,2039,2062,1914,1909,1415,1184]} 1. Nf3 Nf6 2. g3 d5 3. Bg2 Bf5 4. O-O h6 5. d3 e6 6. c4 c6 7. Qb3 Qb6 {A11: English Opening: 1...c6} 8. Be3 Qxb3 9. axb3 a6 10. Nc3 (10. Na3 Bh7 11. Rfc1 Nbd7 12. Nc2 Bd6 13. b4 Ke7 14. Nfd4 e5 15. Nb3 dxc4 16. dxc4 Bxc2 17. Rxc2 Bxb4 {½-½ (61) Zvjaginsev,V (2644)-Moiseenko,V (2492) Sochi 2018}) 10... Nbd7 {LiveBook: 10 Games} 11. cxd5 exd5 12. h3 $146 ({Predecessor:} 12. Bd4 Be7 13. Rac1 O-O 14. Na4 Rfe8 {1-0 (63) Konopka,M (2416)-Cernousek,L (2466) Czech Republic 2016}) 12... Bd6 13. Nd2 O-O 14. f4 Rfe8 15. Bf2 Bc5 (15... Bh7 $15) 16. e4 Bxf2+ 17. Rxf2 dxe4 (17... Bh7 $11 {remains equal.}) 18. dxe4 $16 Bh7 19. e5 Nd5 20. Nxd5 cxd5 21. Bxd5 {Hoping for Rc1.} Nc5 22. Nc4 {Threatens to win with Nd6.} Be4 23. Rd1 {[#] Strongly threatening Nd6.} Bxd5 24. Rxd5 Ne4 25. Rf3 b5 (25... Rad8 $142 26. Nd6 Nxd6) 26. Nb6 (26. Nd6 $16 Nxd6 27. exd6 (27. Rxd6 Red8 $16)) 26... Rab8 $1 $11 {[%cal Rb8b6]} 27. Nd7 Rbc8 $1 28. Re3 $36 {[%mdl 2048] White is pushing.} Rc1+ {[#]} ({Better is} 28... Nf6 $14 29. Nxf6+ gxf6) 29. Kg2 $1 $16 f5 $2 {[%mdl 8192]} (29... Rc2+ $16 30. Kf1 Nf6 31. Nxf6+ gxf6) 30. exf6 $1 $18 Rc2+ 31. Kf3 Rf2+ 32. Kg4 Nd6 33. Rxe8+ Nxe8 34. fxg7 Rxb2 {KRN-KRN} (34... Rg2 $142 35. f5 Kxg7) 35. Kf5 {White threatens Kg6 and mate.White is clearly winning.} Kxg7 36. Nc5 Kf7 37. Rd7+ Kg8 38. Kg6 Re2 39. f5 {Precision: White = 65%, Black = 29%.} 1-0

[Event "XLIV Sevilla Open 2019"]
[Site "Sevilla"]
[Date "2019.01.19"]
[Round "9"]
[White "Grigoryan, Karen H."]
[Black "Li, Di"]
[Result "1/2-1/2"]
[WhiteElo "2557"]
[BlackElo "2488"]
[Annotator "TA"]
[PlyCount "100"]
[EventDate "2019.01.11"]
[EventType "swiss"]
[EventCountry "ESP"]
[SourceTitle "playchess.com"]
[Source "ChessBase"]
[SourceQuality "1"]

{[%evp 14,100,28,28,20,17,8,4,15,0,17,0,0,-17,-4,-27,-22,-87,5,2,0,0,7,-19,-12,-18,-22,-20,-15,-10,-12,-57,-9,-9,-19,-21,0,0,15,16,16,13,8,8,8,11,54,49,59,24,31,17,24,0,0,0,7,0,0,0,12,0,0,0,0,0,16,16,23,0,0,0,0,0,0,0,0,0,0,0,0,0,0,0,0,0,0,0,0]} 1. e4 e5 2. Bc4 Nf6 3. d3 c6 4. Nf3 Be7 5. O-O d6 6. a4 {C24: Bishop's Opening: 2...Nf6} (6. c3 O-O 7. Bb3 Nbd7 8. Nbd2 d5 9. exd5 cxd5 10. Re1 Bd6 11. Nf1 h6 12. Ng3 Re8 13. d4 e4 14. Nh4 Nf8 15. Nhf5 {½-½ (67) Wang,H (2702)-Kuzubov,Y (2652) Tbilisi 2017}) 6... O-O 7. Re1 Nbd7 {[%cal Bb8d7,Bd7c5,Bc5e6,Be6f4,Bf4g6,Bg6e5,Be5f3][%mdl 32]} 8. Nc3 {LiveBook: 4 Games. White has an edge.} Nc5 9. d4 exd4 10. Nxd4 Re8 11. b4 $146 ({Predecessor:} 11. Bf4 Bf8 12. e5 dxe5 13. Rxe5 Bg4 14. f3 Bh5 15. Rxe8 Nxe8 {0-1 (84) Heinemann,T (2479)-Enders,P (2478) Germany 2000}) 11... Ne6 12. Nf5 Bf8 13. Bb2 Nf4 14. Qd2 (14. Qf3 {is more complex.} Ng6 15. Bb3 Ne5 16. Qh3 Bd7 17. a5) 14... Ng6 {Strongly threatening ...d5.} 15. Nd4 (15. Ng3 $11 {keeps the balance.}) 15... Bd7 (15... d5 $17 16. exd5 Rxe1+ 17. Qxe1 cxd5) 16. b5 $11 Qa5 17. Bb3 a6 18. Nf3 Ne5 19. Qe3 Nxf3+ 20. Qxf3 Be6 21. bxc6 bxc6 22. Ba3 Rab8 23. Rab1 $1 Bxb3 24. cxb3 d5 25. Bxf8 dxe4 26. Nxe4 Kxf8 27. Kf1 Nxe4 28. Rxe4 Rxe4 29. Qxe4 {[%mdl 4160] [#] Endgame Double Attack. KQR-KQR} Qh5 (29... Qd5 $5 {[%cal Rd5e4]} 30. Qxh7 Rxb3 $11) 30. Re1 {White threatens Qe7+ and mate.} g6 $1 ({And not} 30... Qxh2 31. Qe7+ Kg8 {[#]} 32. Qe8+ $1 {[%mdl 512]} Rxe8 33. Rxe8#) 31. Qf4 (31. Qd4 $5 {[%cal Rd4h8]} Kg8 32. h3 $11) 31... Rc8 $1 32. Qf6 {[%cal Rf6h8]} Kg8 33. h3 Qd5 34. Qc3 c5 35. Kg1 h5 36. g3 Qf5 37. Kg2 Qd5+ 38. Qf3 Qd7 39. Rc1 a5 40. Rc4 Rc6 41. Rf4 {Rxf7! is the strong threat.} Rd6 {The position is equal.} 42. Qa8+ Kh7 43. Rf3 ({Avoid the trap} 43. Qxa5 $2 Qb7+ 44. f3 Qxb3 $19) 43... Rd3 44. Rxd3 Qxd3 45. Qxa5 Qxb3 {KQ-KQ} 46. Qc7 Qd5+ 47. Kh2 Qf5 48. Kg2 Qe4+ 49. Kh2 Qf5 50. Kg2 {Threatens to win with Qc6.} Qe4+ {Accuracy: White = 44%, Black = 69%.} 1/2-1/2

[Event "XLIV Sevilla Open 2019"]
[Site "Sevilla"]
[Date "2019.01.19"]
[Round "9"]
[White "Xu, Yi"]
[Black "Krishna Teja, N."]
[Result "1/2-1/2"]
[WhiteElo "2528"]
[BlackElo "2371"]
[Annotator "TA"]
[PlyCount "88"]
[EventDate "2019.01.11"]
[EventType "swiss"]
[EventCountry "ESP"]
[SourceTitle "playchess.com"]
[Source "ChessBase"]
[SourceQuality "1"]

{[%evp 15,88,37,36,36,45,35,46,46,50,25,25,25,9,16,7,4,27,24,52,29,25,0,22,24,31,30,43,43,35,41,50,41,53,20,51,42,52,10,14,6,12,16,12,0,0,0,0,0,0,0,6,6,6,6,8,0,0,0,0,0,0,0,0,0,0,0,0,0,0,0,0,0,0,0,0]} 1. e4 c6 2. d4 d5 3. e5 Bf5 4. Nf3 e6 5. Be2 c5 6. Be3 cxd4 7. Nxd4 Ne7 8. O-O Nbc6 9. Bb5 {B12: Caro-Kann: Advance Variation} a6 10. Bxc6+ $1 ({Don't play} 10. Nxf5 Nxf5 11. Bxc6+ bxc6 $15) 10... Nxc6 11. Nxf5 {White is slightly better.} exf5 12. Bd4 (12. c3 Be7 13. Nd2 Nxe5 14. Bd4 f6 15. Qb3 Qd7 16. Rfd1 Nc6 17. Nf1 Na5 18. Qc2 O-O 19. Rd3 f4 20. Rad1 Qf5 {½-½ (20) Karjakin,S (2753)-Dreev,A (2670) St Petersburg 2018}) 12... Be7 13. Nc3 O-O 14. Ne2 {[#]} Qc7 $146 ({Predecessor:} 14... Rc8 15. c3 Qd7 16. Qd3 Rfe8 {1-0 (68) Kosintseva,T (2517)-Khotenashvili,B (2505) Geneve 2013}) 15. Re1 Rfd8 16. c3 Rac8 17. Qd3 g6 18. Qe3 Nxd4 19. Nxd4 Bc5 20. Rad1 b5 21. Qg3 Bxd4 22. Rxd4 Qb6 23. Red1 Rc4 24. Qg5 (24. h3 {is more complex.} Kg7 25. Kh2 Rxd4 26. Rxd4 Rd7 27. Qd3) 24... Rxd4 25. Rxd4 $11 {[%mdl 4096] Endgame KQR-KQR} Rd7 26. h4 Qe6 {The position is equal.} 27. f4 Kg7 28. h5 f6 29. Qxf6+ (29. exf6+ {seems wilder.} Qxf6 30. h6+ Kf7 31. Qg3 Qe6 32. Qf2) 29... Qxf6 30. exf6+ Kxf6 31. hxg6 hxg6 {KR-KR} 32. Kf2 g5 33. fxg5+ Kxg5 34. Kf3 Kf6 35. Kf4 Rg7 36. g3 Ke6 37. Kf3 a5 38. Rh4 Ke5 39. a3 Rb7 40. Rh8 b4 41. Re8+ Kf6 42. axb4 axb4 43. Rf8+ Ke5 44. Re8+ Kf6 {Accuracy: White = 61%, Black = 75%.} 1/2-1/2

[Event "XLIV Sevilla Open 2019"]
[Site "Sevilla"]
[Date "2019.01.19"]
[Round "9"]
[White "Vasquez Schroeder, Rodrigo"]
[Black "Krishna C R G"]
[Result "1-0"]
[WhiteElo "2499"]
[BlackElo "2469"]
[Annotator "TA"]
[PlyCount "147"]
[EventDate "2019.01.11"]
[EventType "swiss"]
[EventCountry "ESP"]
[SourceTitle "playchess.com"]
[Source "ChessBase"]
[SourceQuality "1"]

{[%evp 23,147,51,32,43,39,47,40,39,63,65,66,54,77,38,81,98,94,80,101,81,360,88,84,73,125,114,120,113,151,147,206,199,189,186,153,148,158,148,203,210,200,216,287,262,249,168,174,156,302,306,295,273,283,230,223,221,201,222,211,216,420,215,309,296,242,74,93,0,0,8,37,8,33,23,38,32,79,72,93,0,82,49,52,50,59,68,44,32,150,105,103,102,168,161,141,112,142,8,25,26,176,176,200,114,442,32,34,24,69,24,115,116,118,24,119,24,184,136,2089,2841,1324,228,222,208,800,797]} 1. e4 e6 2. d4 d5 3. Nd2 Nf6 4. e5 Nfd7 5. Bd3 $146 ({Predecessor:} 5. c3 c5 {½-½ (42) Andreev,E (2459)-Dyachkov,S (2550) Saratov 2006}) 5... c5 6. c3 Nc6 7. Ne2 cxd4 8. cxd4 f6 9. exf6 Qxf6 10. Nf3 h6 11. O-O Bd6 12. Ng3 O-O 13. Bc2 {C06: French Tarrasch: 3...Nf6 4 e5 Nfd7 5 Bd3 main lines} Rf7 14. Re1 Nf8 15. Nh5 {White is slightly better.} Qd8 16. Ne5 Nxe5 17. dxe5 Bc5 18. Be3 d4 19. Bf4 Bd7 20. Qg4 Kh8 21. Bd3 Qb6 $2 {[%mdl 8192] [#]} (21... Bc6 $16) 22. Qe2 $2 (22. Bxh6 $1 $18 {[%mdl 512] is the precise move to win.} gxh6 23. Nf6) 22... Rc8 23. a3 {[%cal Ba2a3,Ba3a4][%mdl 32]} Be8 ({Black should play} 23... Be7) 24. b4 Be7 25. Bd2 Bd8 26. a4 Rfc7 (26... Be7 $16) 27. Qg4 $18 Qc6 28. h4 Qd7 29. Nf4 Qe7 30. g3 a6 (30... Qf7 $16 31. Re4 Rd7) 31. b5 axb5 32. axb5 Rd7 33. Ra4 Bb6 34. Qe2 Rdc7 35. Qe4 Rc3 (35... Kg8 $16) 36. Bxc3 dxc3 37. Rc4 Rd8 38. Rc1 g5 39. hxg5 (39. R1xc3 $6 gxf4 40. Qxf4 Kg7 $16) (39. R4xc3 Rd4 $15) 39... hxg5 40. R1xc3 {aiming for Qh1+.} gxf4 41. Qxf4 Kg7 $2 (41... Ng6 {was worth a try.} 42. Qh6+ Qh7 43. Qxh7+ Kxh7) 42. Qf3 (42. Qg4+ $142 Bg6 43. Bxg6 Nxg6 44. Rf3) 42... Bg6 (42... Ng6 $142) 43. Rg4 Rd4 44. Bxg6 $2 (44. Be4 $1 $18) 44... Nxg6 $16 45. Rc8 (45. Kg2 $16) 45... Rxg4 $1 $11 46. Qxg4 Qf7 (46... Qd7 $5 {[%cal Rd7c8]} 47. Ra8 Qf7 $14) 47. Qe2 Bd4 48. Rc4 Bxe5 49. Qe4 Kh6 50. b6 {[%mdl 1024] White has strong compensation.} Qd7 51. Qe2 (51. Kg2 $16) 51... Qf7 (51... Qd5 $1 $11) 52. Re4 Qf5 53. f4 Bd6 54. Rxe6 {And now Qh2+ would win.} Bc5+ 55. Kg2 Qd5+ ({Better is} 55... Kg7 $1 $14) 56. Kh2 Kg7 57. Qg4 $36 {[%mdl 2048] White is on the roll.} Qd2+ (57... Qa2+ $16 58. Re2 (58. Kh3 Qb1 $14) 58... Qb1) 58. Kh3 $18 Qd3 {( -> ...Qf1+)} 59. Re2 {Threatens to win with f5.} (59. Qg5 $6 Qf1+ 60. Kg4 Qd1+ 61. Kh3 Qh1+ 62. Kg4 Qd1+ 63. Kh3 Qh1+ 64. Kg4 Qd1+ $11) 59... Qd5 60. Kh2 (60. Re1 $1 $16 Qd4 61. Qf3) 60... Qd4 61. Qf3 Bxb6 (61... Kf6 $1 $11 {and Black is okay.}) 62. Qxb7+ Kh6 63. Qf3 (63. Re6 $18 Bd8 64. Qc6 Qf2+ 65. Qg2 Qxg2+ 66. Kxg2) 63... Bc5 $2 {[%mdl 8192]} (63... Kg7 $16 {is more resistant.} 64. Re6 Qf2+ 65. Qxf2 Bxf2) 64. Rc2 $2 ({White must play} 64. Re6 $18 {Hoping for f5.} Kg7 65. Qb7+ Ne7 66. Rxe7+ Bxe7 67. Qxe7+ Kg6 68. Qe6+ Kh7 69. Kh3) 64... Bd6 $14 65. Rc6 Ne7 66. Ra6 Nf5 (66... Ng8 $11 {remains equal.}) 67. Kh3 $16 Qc4 {[#]} 68. Ra7 (68. Ra5 $1 $16 {[%cal Ra5f5]} Ng7 69. f5) 68... Qc5 (68... Nd4 $11 {keeps the balance.} 69. Qh1 (69. Qe4 Qf1+ 70. Kh4 Nf3+ 71. Kg4 Nh2+ 72. Kh4 Nf3+ 73. Kg4 Nh2+ 74. Kh4 Nf3+ $11) 69... Kg6) 69. Rb7 (69. Ra8 $16 Ne3 70. Re8 (70. Rh8+ Kg6 $16)) 69... Qc8 $2 {[#]} (69... Qc4 $11 {and Black stays safe.}) 70. Kh2 $1 $18 {Black must now prevent Qe4.} Nd4 $2 {[%mdl 8192]} (70... Qg8 $16) 71. Qe4 {[%csl Gb7][%cal Re4h7]} ({Worse is} 71. Qd5 Qc2+ 72. Kh1 Qd1+ 73. Kg2 Qc2+ 74. Kh3 Qc8+ 75. g4 Qc3+ 76. Kg2 (76. Kh4 $2 Qe1+ 77. Kh3 Qf1+ 78. Qg2 Qxf4 $19) 76... Qd2+ 77. Kh3 Qe3+ 78. Kg2 Qd2+ 79. Kh3 Qe3+ 80. Kg2 Qd2+ $11) 71... Nf5 72. Ra7 $2 (72. g4) 72... Kg6 {intending ...Qh8+.} 73. Ra8 ({Stronger than} 73. g4 Qh8+ 74. Kg2 Qb2+ 75. Kf3 Qc3+ 76. Ke2 Qb2+ 77. Kd1 Qb3+ 78. Ke2 Qb2+ 79. Kf1 Qc1+ 80. Ke2 Qb2+ $11) 73... Qd7 $2 (73... Qc5 74. Qe6+ Kh7) 74. g4 {Accuracy: White = 50%, Black = 30%.} 1-0

[Event "XLIV Sevilla Open 2019"]
[Site "Sevilla"]
[Date "2019.01.19"]
[Round "9"]
[White "Iniyan, P."]
[Black "Polivanov, Anatoliy"]
[Result "1-0"]
[WhiteElo "2456"]
[BlackElo "2374"]
[Annotator "TA"]
[PlyCount "109"]
[EventDate "2019.01.11"]
[EventType "swiss"]
[EventCountry "ESP"]
[SourceTitle "playchess.com"]
[Source "ChessBase"]
[SourceQuality "1"]

{[%evp 11,109,34,51,33,30,13,12,10,12,0,0,-3,26,-12,15,31,63,58,62,70,45,46,55,70,88,92,99,20,14,18,88,91,84,32,34,24,18,19,11,19,93,95,94,121,176,175,182,189,186,177,202,139,216,233,191,145,236,107,103,95,188,12,13,20,20,0,0,1,8,0,0,0,0,0,0,0,8,0,0,0,0,0,10,0,1118,1118,1033,139,138,137,29951,12797,29986,29987,29987,29988,29988,29989,29989,29990]} 1. d4 e6 $146 (1... f5 2. g3 Nf6 3. Bg2 e6 4. c4 Be7 {0-1 (38) Janik,I (2447)-Van Foreest,J (2624) Manavgat 2018}) ({Predecessor:} 1... f5 2. g3 Nf6 3. Bg2 e6 4. Nf3 Be7 5. O-O O-O {0-1 (38) Brynell,S (2491)-Kristiansen,J (2439) Denmark 2011}) 2. c4 f5 3. Nf3 Nf6 4. g3 Be7 5. Bg2 O-O 6. O-O Ne4 7. b3 {A92: Classical Dutch: Classical Stonewall (with ...Be7): Early deviations} (7. Nfd2 d5 8. Nc3 c6 9. f3 Nxd2 10. Qxd2 dxc4 11. Rd1 b5 12. e4 Nd7 13. Qe2 Nb6 14. a3 a5 15. f4 {0-1 (38) Janik,I (2447)-Van Foreest,J (2624) Manavgat 2018}) ({Predecessor:} 7. Nbd2 d5 8. b3 {0-1 (38) Brynell,S (2491)-Kristiansen,J (2439) Denmark 2011}) 7... a5 8. Nbd2 d5 9. Bb2 {The position is equal.} ({Predecessor:} 9. a3 c5 10. Bb2 Bf6 11. cxd5 exd5 12. Qc2 cxd4 13. Bxd4 Nc6 14. Bxf6 Qxf6 15. e3 {0-1 (38) Brynell,S (2491)-Kristiansen,J (2439) Denmark 2011}) 9... a4 10. Nxe4 dxe4 11. Ne1 Bf6 12. b4 Nc6 {[%cal Rc6d4]} 13. Nc2 a3 14. Bc3 Ne7 15. f3 exf3 16. Bxf3 c6 17. e4 b5 18. cxb5 Bb7 19. Qd3 (19. e5 $16 Nd5 20. Qd3 (20. exf6 Nxc3 21. Qd2 Nxb5 $16)) 19... cxb5 $11 {Hoping for ...fxe4.} 20. e5 {[%mdl 64] Discovered Attack} Be4 (20... Bxf3 $1 $11 {remains equal.} 21. exf6 (21. Rxf3 Bg5 $11) 21... Nd5 22. Rxf3 Nxc3) 21. Qd2 $1 $16 (21. Qxb5 $6 Rc8 $11) 21... Nd5 22. exf6 (22. Bxe4 $1 $16 fxe4 23. exf6) 22... Nxc3 $14 23. Qxc3 Rc8 24. Qe3 Bxf3 25. Qxe6+ {[%mdl 64] Double Attack} Kh8 (25... Rf7 $11 26. Ne3 (26. Qxf5 Bb7 $14) 26... Rc6) 26. fxg7+ $40 {[%mdl 128] White has strong attack.} ({Much weaker is} 26. Qxf5 Rxf6 27. Qd3 Rfc6 $11) 26... Kxg7 27. Qe5+ Qf6 (27... Kg8 $16 {is a better defense.}) 28. Nxa3 $18 ({Much less strong is} 28. Rxf3 $6 Qxe5 29. dxe5 Rxc2 $14) 28... Qxe5 29. dxe5 Be2 30. Rfe1 Bd3 31. Rac1 Ra8 (31... f4 $16 32. Rxc8 Rxc8) 32. Rc3 Be4 33. Re2 Rfd8 (33... Rfb8 $16 34. g4 Ra6 35. gxf5 Bxf5 36. Rg2+ Kh8) 34. g4 (34. Nxb5 $18 {is the precise move to win.} Bd3 35. Rxd3 Rxd3 36. e6) 34... Rd5 $16 35. gxf5 Rxe5 (35... Bxf5 $16 36. e6 Kf8 37. e7+ Ke8) 36. Nb1 $2 (36. Rce3 $1 $18) 36... Kf6 $11 37. Nd2 Rg8+ 38. Rg3 Rxg3+ 39. hxg3 Bxf5 40. Kf2 Rxe2+ 41. Kxe2 {[%mdl 4096] Endgame KB-KN} Ke5 42. Ke3 Kd5 43. a3 Bc2 44. Nf3 Kc4 45. Nd4 Bg6 46. g4 h5 47. g5 Be8 $2 {[%mdl 8192]} (47... h4 $11) 48. Nf5 $18 Kb3 {[#]} 49. Nd6 $2 (49. Kd4 $1 $18 {[%cal Rd4c5] aiming for Kc5.} Kxa3 50. Kc5) 49... Bd7 $16 50. g6 Kxa3 $2 {[%mdl 8192] [#]} (50... Ka4 $16 51. Nb7 Bf5) 51. Nxb5+ $1 {[%mdl 512]} Kxb4 (51... Bxb5 52. g7) 52. Nc7 {White mates.} Bf5 53. g7 Bh7 {[#]} 54. Nd5+ $1 Kc5 55. Nf6 $1 {[%csl LRh5,LRh7][%mdl 64] Double Attack. Accuracy: White = 34%, Black = 46%.} 1-0

[Event "XLIV Sevilla Open 2019"]
[Site "Sevilla"]
[Date "2019.01.19"]
[Round "9"]
[White "Starostits, Ilmars"]
[Black "Fedorchuk, Sergey A."]
[Result "0-1"]
[WhiteElo "2442"]
[BlackElo "2606"]
[Annotator "TA"]
[PlyCount "76"]
[EventDate "2019.01.11"]
[EventType "swiss"]
[EventCountry "ESP"]
[SourceTitle "playchess.com"]
[Source "ChessBase"]
[SourceQuality "1"]

{[%evp 13,76,14,60,-21,17,-26,-25,-29,-29,-49,-47,-70,-66,-75,-67,-74,-71,-68,-64,-85,-43,-64,-35,-158,-137,-155,-139,-155,-118,-233,-228,-243,-233,-298,-296,-439,-295,-371,-376,-483,-379,-444,-436,-418,-434,-455,-454,-452,-446,-464,-470,-467,-467,-467,-447,-460,-437,-451,-447,-515,-514,-509,-509,-492,-483]} 1. e4 c5 2. Nf3 e6 3. d4 cxd4 4. Nxd4 Nc6 5. Nc3 Qc7 6. g3 a6 7. Bg2 Bc5 {LiveBook: 14 Games} 8. Nde2 {B47: Sicilian: Taimanov: 5 Nc3 Qc7 6 f4, 6 g3 and 6 Be2} (8. Nb3 $14 Be7 9. O-O) (8. Nb3 Be7 9. O-O d6 10. f4 b5 11. a3 Nf6 12. Be3 O-O 13. g4 Nd7 14. Qe2 Nb6 15. Rad1 Nc4 {1-0 (48) Alekseev,E (2622)-Morozevich,A (2665) Sochi 2017}) 8... b5 9. a3 Bb7 10. O-O {Black has an edge.} Nf6 11. Nf4 $146 ({Predecessor:} 11. Bf4 Ne5 12. Kh1 O-O-O 13. b4 Bb6 14. a4 bxa4 15. Nxa4 Ba7 {0-1 (38) Musakaev,E-Babushkin,E Serpukhov 2001}) 11... d6 12. Nh5 Nxh5 13. Qxh5 O-O 14. Bf4 {aiming for Qxc5!} Ne5 15. Rad1 Rac8 16. Ne2 Nc4 17. Bc1 $1 a5 18. b4 ({Better is} 18. Nf4 $1 $15) 18... axb4 $17 19. axb4 Bxb4 20. Qxb5 Bc5 21. Kh1 {[#]} (21. Nd4 $17 {keeps fighting.} Bb6 22. Qa4) 21... Ra8 $1 $19 22. Qb3 Ba6 23. e5 Nxe5 24. Rde1 (24. Bxa8 $142 Rxa8 25. Nf4) 24... Rab8 25. Qa4 Bc4 26. Be3 Bb4 27. c3 {[#]} Bxc3 $1 {[%mdl 512]} 28. Nxc3 {With the idea Rg1.} Bxf1 29. Rxf1 {Black is clearly winning.} Qxc3 30. Rc1 Qb4 31. Qa6 Ng4 32. Ba7 Qd2 33. Rf1 Rb2 34. h3 Ne5 35. Be3 Qd3 36. Qa1 Rfb8 {Threatens to win with ...Rb1.} 37. Ba7 Rb1 38. Bxb8 {[#]} Qxf1+ $1 {[%mdl 512] Precision: White = 37%, Black = 66%.} 0-1

[Event "XLIV Sevilla Open 2019"]
[Site "Sevilla"]
[Date "2019.01.19"]
[Round "9"]
[White "Larino Nieto, David"]
[Black "Ibarra Jerez, Jose Carlos"]
[Result "1/2-1/2"]
[WhiteElo "2432"]
[BlackElo "2558"]
[Annotator "TA"]
[PlyCount "74"]
[EventDate "2019.01.11"]
[EventType "swiss"]
[EventCountry "ESP"]
[SourceTitle "playchess.com"]
[Source "ChessBase"]
[SourceQuality "1"]

{[%evp 13,74,27,25,10,16,17,22,17,38,29,43,34,29,11,21,0,0,0,13,11,0,0,14,-9,0,-34,-31,-41,0,0,0,0,0,-17,-13,-18,0,0,0,0,0,0,0,0,0,-31,0,0,0,0,0,0,0,0,0,0,0,0,0,0,0,0,0]} 1. Nf3 d6 2. d4 Nf6 3. b3 g6 4. Bb2 Bg7 5. g3 O-O 6. Bg2 a5 7. O-O a4 {LiveBook: 49 Games. A49: 1 d4 Nf6 2 Nf3 g6 3 g3: Anti-King's Indian systems} 8. Nc3 (8. c4 c6 9. e3 Bg4 10. h3 Bxf3 11. Bxf3 Nbd7 12. Nc3 a3 13. Bc1 e5 14. dxe5 Nxe5 15. Bg2 {1-0 (42) Giri,A (2782)-Aronian,L (2767) chess.com INT 2018}) 8... axb3 9. axb3 Rxa1 10. Qxa1 d5 11. Ne5 Na6 $146 ({Predecessor:} 11... c6 12. Qa7 Nbd7 13. Nd3 Re8 14. Rd1 Qc7 15. Qa1 {½-½ (70) Kurajica,B (2524)-Cuenca Jimenez,J (2440) Malaga 2009}) 12. h3 c6 13. Qa3 (13. e3 {looks sharper.} h5 14. Rc1 Nd7 15. Nf3 Nf6 16. Ne2) 13... Nd7 14. Nxd7 (14. Nd3 {with more complications.} Nf6 15. Na4 Ne4 16. e3 Bf5 17. g4) 14... Bxd7 15. e3 Re8 16. Na4 Bf8 17. Qa1 Bf5 18. Rc1 h5 19. Nc5 Nxc5 20. dxc5 Qc7 21. c4 dxc4 22. Rxc4 Rd8 23. g4 hxg4 24. hxg4 Bd3 25. Rd4 Rxd4 26. Bxd4 Be2 27. f3 Qg3 28. Be5 Qh4 29. Bc3 Bxf3 30. Bxf3 {[#] And now Qe1 would win.The position is equal.} Qg3+ 31. Bg2 Qxe3+ 32. Kh1 Qh6+ 33. Kg1 Qe3+ 34. Kh1 Qh6+ 35. Kg1 Qe3+ 36. Kh1 Qh6+ 37. Kg1 Qe3+ {Precision: White = 45%, Black = 61%.} 1/2-1/2

[Event "XLIV Sevilla Open 2019"]
[Site "Sevilla"]
[Date "2019.01.19"]
[Round "9"]
[White "Ertan, Can"]
[Black "Insa Alfonso, Pablo"]
[Result "1-0"]
[WhiteElo "2421"]
[BlackElo "2301"]
[Annotator "TA"]
[PlyCount "63"]
[EventDate "2019.01.11"]
[EventType "swiss"]
[EventCountry "ESP"]
[SourceTitle "playchess.com"]
[Source "ChessBase"]
[SourceQuality "1"]

{[%evp 11,63,0,18,18,10,0,0,0,0,-5,0,0,0,0,0,0,0,0,14,13,9,4,17,4,35,36,44,27,81,85,110,64,58,56,61,64,53,51,154,147,170,166,324,331,311,309,479,493,664,642,1534,1510,1446,1421]} 1. e4 c5 2. Nf3 d6 3. c3 Nf6 4. Qc2 g6 5. d4 Bg7 6. dxc5 {B50: Sicilian: 2...d6, Miscellaneous} dxc5 {LiveBook: 5 Games} 7. Be3 (7. h3 O-O 8. Bf4 Nc6 9. Bh2 a6 10. a4 Be6 11. Nbd2 Na5 12. Be2 Qb6 13. O-O {0-1 (108) Pap,G (2542)-Li,C (2751) Graz 2016}) 7... Qc7 8. h3 {The position is equal.} O-O 9. Nbd2 b6 10. Bc4 Nc6 11. O-O Na5 $146 ({Predecessor:} 11... Bb7 12. Rfe1 e6 13. a3 {½-½ (40) Deutsch,E (2406)-Kantsler,B (2509) Elkana 2007}) 12. Be2 Bb7 13. Rac1 Rac8 14. Qb1 $36 {[%mdl 2048] White has good play.} c4 15. Nd4 a6 16. b4 cxb3 $1 17. axb3 {[%cal Ba2b3,Bb3b4][%mdl 32]} Nc6 18. b4 Nd7 19. Rfd1 Nxd4 (19... Rfd8 $11 {keeps the balance.}) 20. cxd4 $16 {[%cal Bc3d4,Bd4d5,Bd5d6,Bd6e7][%mdl 32]} Qb8 21. Nc4 b5 22. Na5 {[%cal Bc4a5,Ba5b3,Bb3c5][%mdl 32]} Nb6 23. Nb3 Rxc1 24. Rxc1 f5 (24... e6 $14) 25. d5 $1 Na4 26. Nc5 $1 Nc3 $2 {[#]} (26... Nxc5 27. bxc5 Qe5) 27. Rxc3 $1 $18 {[%mdl 512]} Bxc3 {[#]} 28. Qb3 $1 Bg7 {[#]} (28... Bf6 {is a better defense.} 29. d6+ Kh8 30. dxe7 Bxe7 31. Bd4+ (31. Nd7 Qd8 $18) 31... Bf6 32. Bxf6+ Rxf6) 29. d6+ $1 {White is clearly winning.} Kh8 30. dxe7 Re8 31. Qf7 Rg8 32. Nxb7 {Precision: White = 80%, Black = 47%.} 1-0